Методика выбора оптимальной рецептуры промывочной жидкости с использованием ЭВМ; Технология и техника геологоразведочных работ; Вып. 8
| Parent link: | Технология и техника геологоразведочных работ: межвузовский сборник.— , 1985 Вып. 8.— 1985.— С. 134-141 |
|---|---|
| Hovedforfatter: | |
| Summary: | Рассматривается методический подход к разработке оптимальной рецептуры промывочной жидкости. Приводятся результаты расчетов на ЭВМ ЕС-1032 составов некоторых промывочных жидкостей. Отмечается, что реализация предлагаемой методики выбора оптимальной рецептуры промывочной жидкости для каждого типа условий сооружения скважин позволит повысить производительность буровых работ и эффективность использования химических реагентов В фонде НТБ ТПУ отсутствует |
| Sprog: | russisk |
| Udgivet: |
1985
|
| Fag: | |
| Format: | Book Chapter |
| KOHA link: | https://koha.lib.tpu.ru/cgi-bin/koha/opac-detail.pl?biblionumber=597134 |
MARC
| LEADER | 00000naa0a2200000 4500 | ||
|---|---|---|---|
| 001 | 597134 | ||
| 005 | 20250203141955.0 | ||
| 035 | |a (RuTPU)RU\TPU\tpu\20291 | ||
| 090 | |a 597134 | ||
| 100 | |a 20111115d1985 k y0rusy50 ca | ||
| 101 | 0 | |a rus | |
| 102 | |a RU | ||
| 200 | 1 | |a Методика выбора оптимальной рецептуры промывочной жидкости с использованием ЭВМ |f П. С. Чубик | |
| 330 | |a Рассматривается методический подход к разработке оптимальной рецептуры промывочной жидкости. Приводятся результаты расчетов на ЭВМ ЕС-1032 составов некоторых промывочных жидкостей. Отмечается, что реализация предлагаемой методики выбора оптимальной рецептуры промывочной жидкости для каждого типа условий сооружения скважин позволит повысить производительность буровых работ и эффективность использования химических реагентов | ||
| 333 | |a В фонде НТБ ТПУ отсутствует | ||
| 461 | |t Технология и техника геологоразведочных работ |o межвузовский сборник |d 1985 | ||
| 463 | |t Вып. 8 |v С. 134-141 |d 1985 | ||
| 610 | 1 | |a труды учёных ТПУ | |
| 700 | 1 | |a Чубик |b П. С. |c российский геолог |c профессор, ректор Томского политехнического университета ( с 2008 г.) |f 1954- |g Петр Савельевич |3 (RuTPU)RU\TPU\pers\24546 | |
| 801 | 1 | |a RU |b 63413507 |c 20111115 | |
| 801 | 2 | |a RU |b 63413507 |c 20111123 |g RCR | |
| 942 | |c CR | ||